Quizzes
Events
Quiz Creation
Community
Videos
Private Events
Remove Ads
Sign In
Join for FREE
Feedback
Dark Mode
Quiz Categories
Sports
Geography
Music
Movies
Television
Just For Fun
Miscellaneous
History
Literature
Language
Science
Gaming
Entertainment
Religion
Holiday
For Kids
Quiz Lab
Recent
Popular Today
Quiz Kudos Today
Editor Picks
Curator Picks
Quizzes by...
Day
Popularity
Type
Ratings
Length
Year
Community
Subscriptions
Recent Discussions
Orange Saloon
Badges
Playlists
Quests
Create
Leaderboards
Showdown
Live 5
Trivia Bingo
Activity
Puzzle Library
Sporcle Events
Private Events
Virtual Trivia
Globe League
Become a Host
Pub Owners
SporcleCon
Opinionation
Our Games
Videos
Blog
Mobile Apps
Partnerships
Remove Ads and Go Orange
Feedback
Sports
Athletes
MLB
NBA
NHL
NFL
Soccer
Sports Teams
WWE
NCAA
Football
Premier League
Basketball
Baseball
Hockey
Golf
Tennis
Cricket
Rugby
Auto Racing
Olympics
World Cup
Sports
Athletes
MLB
NBA
NHL
NFL
Soccer
Sports Teams
WWE
NCAA
Football
Premier League
Basketball
Baseball
Hockey
Golf
Tennis
Cricket
Rugby
Auto Racing
Olympics
World Cup
Random Quiz
Search Sporcle
×
Quiz Lab
Quiz Lab
Sports
Athletes
Type in answers that appear in a list
Type in answers that appear in a list
Classic
Best Score? Go Orange.
2011 MLB players:'B' Stats
Can you name the 2011 MLB players whose last names start with 'B'?
By
anthonyjpf
20m
116 Questions
83 Plays
83 Plays
83 Plays
Comments
Comments
Give Quiz Kudos
Give Quiz Kudos
-
- Ratings
hide this ad
Replay
Link that replays current quiz
Next Quiz
Link to next quiz in quiz playlist
You Got
0%
They Got
Avg Score
38%
Avg Friend Score
Upgrade to see
Score Distribution
Jump to the score distribution portion of the page
Score
0/116
Timer
20:00
0
Plays Today
Position
Player
% Correct
2B
Jeff Baker
84.3%
Manager
Dusty Baker
84.3%
CP
Andrew Bailey
77.1%
SP
Homer Bailey
77.1%
3B/
OF
Jose Bautista
77.1%
CP
Heath Bell
75.9%
SP
Trevor Bell
75.9%
1B/
OF
Brandon Belt
75.9%
1B/
OF
Lance Berkman
75.9%
Manager
Bud Black
74.7%
OF
Ryan Braun
73.5%
SP
A.J. Burnett
73.5%
RP
Alex Burnett
73.5%
RP
Sean Burnett
73.5%
DH/
1B
Billy Butler
73.5%
SP
Josh Beckett
71.1%
OF
Jay Bruce
68.7%
SS
Jason Bartlett
66.3%
OF
Carlos Beltran
66.3%
3B
Adian Beltre
65.1%
OF
Andrew Brown
62.7%
OF
Domonic Brown
62.7%
C
Dusty Brown
62.7%
SP
Mark Buehrle
61.4%
RP
Rafael Betancourt
60.2%
SS
Yuniesky Betancourt
60.2%
C
John Buck
60.2%
OF
Travis Buck
60.2%
RP
Daniel Bard
59%
C/
DH
Josh Bard
59%
SS/
3B/
2B
Gordon Beckham
59%
SP
Chad Billingsley
59%
Manager
Bruce Bochy
57.8%
OF
Michael Bourn
56.6%
OF
Michael Brantley
56.6%
1B
Daric Barton
55.4%
CP
Jonathan Broxton
55.4%
SP
Clay Buchholz
55.4%
RP
Taylor Buchholz
55.4%
Position
Player
% Correct
OF
Jason Bay
54.2%
3B, RF, 1B
Casey Blake
53%
C
Rod Barajas
51.8%
OF
Marlon Byrd
49.4%
SP
Erik Bedard
47%
SP
Madison Bumgarner
47%
SP
Joe Blanton
45.8%
OF
Brennan Boesch
45.8%
2B
Darwin Barney
44.6%
SP
Dallas Braden
44.6%
OF
Milton Bradley
44.6%
SS
Reid Brignac
44.6%
RP
Antonio Bastardo
43.4%
RP
Miguel Batista
43.4%
RP
Bruce Billings
43.4%
OF
Pat Burrell
42.2%
SP
Nick Blackburn
41%
SS/
2B
Clint Barmes
39.8%
OF
Roger Bernadina
39.8%
SP
Scott Baker
37.3%
3B/
SS
Wilson Betemit
34.9%
Utility Player
Willie Bloomquist
34.9%
OF
Julio Borbon
32.5%
OF
Peter Bourjos
31.3%
C
Drew Butera
31.3%
C
John Baker
31.3%
RP
Grant Balfour
28.9%
SP
Brad Bergesen
28.9%
RP
Justin Berg
27.7%
1B
Russell Branyan
27.7%
3B
Josh Bell
27.7%
SP
Zach Britton
26.5%
Utility Infielder
Andres Blanco
25.3%
C
Henry Blanco
25.3%
Utility Player
Emilio Bonifacio
25.3%
RP
Tim Byrdak
25.3%
RP
Chad Beck
25.3%
RP
Danys Baez
22.9%
RP
Dave Bush
21.7%
Position
Player
% Correct
OF
Brandon Boggs
20.5%
RP
Mitchell Boggs
20.5%
RP
Burke Badenhop
19.3%
RP
Anthony Bass
19.3%
RP
Joaquin Benoit
19.3%
RP
Bill Bray
19.3%
RP
Brian Bruney
19.3%
RP
Matt Belisle
18.1%
2B/
OF
Jason Bourgeois
18.1%
RP
Pedro Beato
15.7%
Utility Infielder
Geoff Blum
15.7%
RP
Jason Berken
14.5%
RP
Michael Bowden
14.5%
2B
Emmanuel Burriss
14.5%
RP
Brandon Beachy
12%
RP
Joe Beimel
12%
LF
Charlie Blackmon
12%
RP
Jerry Blevins
12%
3B
Sean Burroughs
12%
LF/
1B
Kyle Blanks
12%
RP
Craig Breslow
9.6%
SS
Brian Bixler
8.4%
OF
Brian Bogusevic
8.4%
RP
Blaine Boyer
8.4%
RF/
1B
Mike Baxter
7.2%
RP
Collin Balester
6%
RP
Blake Beaven
6%
C
J.C. Boscan
6%
RP
Zach Braddock
6%
OF
Joe Benson
6%
1B/
OF
John Bowker
4.8%
RP
Rex Brothers
4.8%
RP
Yhency Brazoban
3.6%
RP
Jay Buente
3.6%
RP
Jason Bulger
3.6%
RP
Brian Broderick
1.2%
P
Duane Below
1.2%
RP
Brad Brach
0%
Quiz Playlist
Details
Report
Send in Message
Add To Playlist
Classic:
Type in answers that appear in a list
Last Updated: Feb 16, 2017
Quiz Scoreboard
CHALLENGE
Sign Up to Join the Scoreboard
Show All
Scores
Hide
Comments
May contain spoilers
Recently Published
9x9 Crossword: Cartoon Network
by jackfrog10
Miscellaneous
3m
College Basketball Coaching Resumes
by pancakes188
Sports
9m
Billboard Blitz: Fleetwood Mac
by CooCooCachoo
Music
15s
More to Explore
Quiz From the Vault
Featured Blog Post
Where Did the Easter Bunny Come From?
hide this ad
You Might Also Like...
Tags
Athletes Quiz
Baseball Quiz
MLB Quiz
2011
last
name
Player
Today's Top Quizzes in Sports
Browse Sports
hide this ad
Today's Top Quizzes in Athletes
Browse Athletes
Top Contributed Quizzes in Sports
1
2022 World Cup Stars
2
Les meilleurs buteurs des matchs entre le PSG et l’OM
3
FIFA Club World Cup Champions
4
Les entraîneurs de l'OM et du PSG au 21e siècle
5
Criteria MLB: Left Handed Sluggers
6
AFC Teams Reveal (Wrong Answers Minefield)
7
2023 MLB Unique Player Accomplishments
8
Players with Multiple 50 Home Run Seasons
9
5-to-1: FBS Animal Nicknames
10
5-to-1: UK Sports Teams
Explore More
Trending Topics
Harry Potter
Disney
Anime
Crossword
Kpop
NBA
Marvel
Puzzle
Song
Pokémon
Soccer
WWE
NFL
The Office
Country
hide this ad
More By:
anthonyjpf
Quiz
Plays
Rating
Category
Featured
Created
1994 Montreal Expos? (Clickable)
2,233
3.43
Sports
Apr 10, 2012
NHL Atlantic Division Goalies Since 2005-06
372
5.00
Sports
Oct 31, 2017
Did They Play for the Canadiens?
337
5.00
Sports
Apr 10, 2016
NHL Metropolitan Division Goalies Since 2005-06
333
5.00
Sports
Nov 19, 2017
NHL Pacific Division Goalies Since 2005-06
314
5.00
Sports
Oct 28, 2017
Go to Creator's Profile
Score Distribution
Quiz Creator Spotlight
anthonyjpf
Follow
Send a Message
Quizzes Created
-
Created Quiz Play Count
-
More By This Creator
Popular Quizzes Today
1
Find the US States - No Outlines Minefield
2
Find the Countries of Europe - No Outlines Minefield
3
The Countries of the World
4
Find the US States
5
Risky Map Clicking: Biggest States A-Z
6
US States
7
Popular People in 1961
8
Movies - When Are They Set?
More Sports Quizzes
Big 4 City Droughts (updated 2024 Super Bowl)
Quiz Lab
Trending Quizzes
Risky Map Clicking: Least Populous States A-Z
1-10 Letter G Words
1-10 Letter F Words
Risky Map Clicking: Next State Alphabetically
Adjectives in 80s TV Shows
Recently Updated
Leaping Animals
pecheneg
Reality TV Shows (A-Z)
bhenderson79
Rickey Henderson's Hall of Fame Teammates
pecheneg
Champions League XIs: Arsenal
pecheneg
Quick Pick: Celebrities in WWE's Hall of Fame
aduchscher
A-Z Keypad Blitz II
pecheneg
Multiple Oscar Actors
pecheneg
Mystery Phrase Blitz: Oscar 'Best Actors'
pecheneg
F. Scott Fitzgerald Novels
LTH
Pick 3 Villains
ddd62291
Trending Topics
Harry Potter
Anime
Marvel
Disney
Kpop
Crossword
NBA
The Office
Song
Country
Puzzle
WWE
Pokémon
NFL
Soccer
Your Account Isn't Verified!
In order to create a playlist on Sporcle, you need to verify the email address you used during registration. Go to your
Sporcle Settings
to finish the process.
Report this User
Report this user for behavior that violates our
Community Guidelines
.
Details:
Send Report
Go to the Sporcle.com Mobile Site →
Comments